000
00255nam a22001217a 4500
008
180201b xxu||||| |||| 00| 0 eng d
041
_a
eng
080
_a
61
100
_a
3
101
_a
shm
245
_a
space time medicine
_c
larry.d
942
_2
udc
_c
BK
999
_c
41546
_d
41546